La caída

Guardat en:
Dades bibliogràfiques
Autor principal: Camus, Albert (Autor)
Format: Llibre
Idioma:espanyol
Publicat: Buenos Aires Losada 1960
Edició:3a. ed
Col·lecció:Los Grandes Novelistas de Nuestra Época
Matèries:
Etiquetes: Afegir etiqueta
Sense etiquetes, Sigues el primer a etiquetar aquest registre!

MARC

LEADER 00000nam a2200000 a 4500
001 UCZ5813
003 CL-VaPUC
008 951124e19600000AG |||||||||||||||||spa|d
082 0 4 |a 843  |b CAM  |2 21 
100 0 |a Camus, Albert  |e author  |9 315220 
245 1 3 |a La caída 
250 |a 3a. ed 
300 |a 123 p 
942 |c BK 
945 |d 19951124 00:00:00  |a lriquelm 
260 |a Buenos Aires  |b Losada  |c 1960 
650 0 |a Novela francesa  |9 264985 
650 0 |a Literatura francesa  |9 266330 
583 |a last modification  |c 19951124 00:00:00  |k Rodrigo Vera 
490 0 |a Los Grandes Novelistas de Nuestra Época 
999 |c 242101  |d 242099 
952 |0 0  |1 0  |4 0  |6 843_000000000000000_CAM_1960  |7 0  |8 A  |9 254822  |a BIBEDU  |b BIBEDU  |d 2019-11-19  |i 157745K  |l 1  |o 843 CAM 1960  |p 157745K  |r 2023-03-14  |s 2023-03-07  |w 2019-11-19  |y BK  |k FIL